Jak pracuje životní prostředí

Salvato in:
Dettagli Bibliografici
Autore principale: Gralla, Preston
Altri autori: Nechuta, Vratislav
Natura: Libro
Lingua:ceco
Pubblicazione: Brno UNIS 1995
Edizione:1. vyd.
Soggetti:
Tags: Aggiungi Tag
Nessun Tag, puoi essere il primo ad aggiungerne!!

MARC

LEADER 00000nam a2200000 4500
001 c011976
005 20230110105459.6
020 |a 1-56276-232-X 
041 0 |a cze 
044 |a CZ 
245 1 0 |a Jak pracuje životní prostředí  |c Preston Gralla ; [Z angl. prel.] Vratislav Nechuta 
250 |a 1. vyd. 
264 1 |a Brno  |b UNIS  |c 1995 
300 |a 212 s. 
610 2 0 |a prostredie životné 
610 2 0 |a odpad 
610 2 0 |a mestá 
610 2 0 |a ochrana prostredia životného 
100 1 |a Gralla, Preston 
700 1 |a Nechuta, Vratislav